000 00819nam a2200181Ia 4500
008 151202s9999||||xx |||||||||||||| ||und||
082 _bPNVM-70918
100 _aआर्चर जेफ्री-अनु.सोहोनी लीना.
245 _aटू कट अ लाँग स्टोरी शॉर्ट.
260 _bमेहता पब्लिशिंग हाऊस पुणे.
260 _c7091
300 _a248
600 _aआर्चर जेफ्री-अनु.सोहोनी लीना.
630 _aटू कट अ लाँग स्टोरी शॉर्ट.
700 _aआर्चर जेफ्री-अनु.सोहोनी लीना.
730 _aटू कट अ लाँग स्टोरी शॉर्ट.
942 _cBOOK
999 _c1337425
_d1337422